Robot technology fundamentals

Đã lưu trong:
書目詳細資料
主要作者: James G. Keramas
格式: 圖書
語言:Undetermined
出版: Albany, NY Delmar 1999
主題:
標簽: 添加標簽
沒有標簽, 成為第一個標記此記錄!
Thư viện lưu trữ: Trung tâm Học liệu Trường Đại học Cần Thơ
LEADER 00477nam a2200181Ia 4500
001 CTU_58126
008 210402s9999 xx 000 0 und d
082 |a 670.4272 
082 |b K39 
100 |a James G. Keramas 
245 0 |a Robot technology fundamentals 
245 0 |c James G. Keramas 
260 |a Albany, NY 
260 |b Delmar 
260 |c 1999 
650 |a robotics,robots, industrial 
904 |i Minh 
980 |a Trung tâm Học liệu Trường Đại học Cần Thơ